| 000 | 00429cam a2200181ua 4500 | ||
|---|---|---|---|
| 020 | _c4 | ||
| 041 |
_ahin _h |
||
| 082 |
_a891.43 _bRAJ/JA |
||
| 100 | _aRajendra avasti, trushit . | ||
| 245 |
_aJangal Ke phool / _cRajendra avasti`trushit`. _hTextual Documents |
||
| 250 |
_a1 / _b. |
||
| 260 |
_a : _bRajpal and Sanch , _c1960. |
||
| 300 | _a256 ; . | ||
| 365 | _a4 | ||
| 504 | _a | ||
| 942 | _cBK | ||
| 999 |
_c3030 _d3030 |
||